Normal view MARC view
  • Psicología infantil

Entry Materia

Number of records used in: 175

001 - NÚMERO DE CONTROL DEL REGISTRO

  • campo de control: 90

003 - IDENTIFICADOR DE NUMERO DE CONTROL

  • campo de control: MX-MxUPN

005 - FECHA Y HORA DE LA ÚLTIMA TRANSACCIÓN

  • campo de control: 20230608133339.0

008 - DATOS DE LONGITUD FIJA

  • campo de control de longitud fija: 230608n||acnnnbabn | ana |d

035 ## - NÚMERO DE CONTROL DEL SISTEMA

  • Número de control del sistema: UPN10000000090

040 ## - FUENTE DE LA CATALOGACIÓN

  • Centro catalogador de origen: MX-MxUPN
  • Lengua de catalogación: spa
  • Agencia de transcripción: MX-MxUPN

046 ## - FECHAS CON CODIFICACIÓN ESPECIAL

  • Fecha final para contenidos agregados: 221005

053 #4 - NÚMERO CLASIFICADOR - BIBLIOTECA DEL CONGRESO (LC)

  • Elemento numérico de la clasificación - Número único o no. inicial del rango: BF721

150 ## - ENCABEZAMIENTO - TEMÁTICO

  • Término de materia o nombre geográfico como elemento inicial: Psicología infantil

450 ## - VÉASE - MATERIA

  • Encabezamiento temático: Niños -
  • Subdivisión temática general: Psicología

550 ## - VÉASE ADEMÁS - MATERIA

  • Encabezamiento temático o nombre geográfico como elemento de entrada: NIÑO, ESTUDIO DEL

670 ## - FUENTE EN LA QUE SE LOCALIZARON DATOS

  • Cita de la fuente: A/P

902 ## - CATALOGADOR

  • Catalogador: MMA/110204